000 00815nam a22002297a 4500
999 _c13408
_d13408
003 AR-CdUCM
008 190415b ||||| |||| 00| 0 spa d
020 _a978-9972-59-558-5
040 _aMUNICIPALIDAD PROVINCIAL DEL CUSCO
_cBIBLIOTECA MUNICIPAL DEL CUSCO
082 _aEP / 803 /
_bD95
100 _aDrazenovic, Tomy
_931786
245 _aEl Holandés errante :
_bLa travesía de la muerte /
260 _aLima :
_bCorporación gráfica Navarrete S.A.,
_c2014.
300 _a47 páginas ;
_c21 cm.
440 _aPiratas y navegantes.
_n11
_931817
505 _aContenido :El Holandés errante, la travesía de la muerte.
650 _aHistorietas infantiles
_931778
650 _aCuentos
_9217
700 _aAyala, Gabriel y Mateo (ilustraciones)
_931788
942 _2ddc
_cLIBROS
945 _arum
_d2019-04-15